Superpower Switcheroo Logic Puzzle Quiz Stats

Quiz Updated Jul 19, 2015

Challenge
Share
Tweet
Score 0/20 Timer 20:00
11 Plays Today
% Correct
X-Ray Vision





???
100%
Super-Intelligence





???
82.4%
Flight






???
79.9%
Flaming
Fists





???
78.6%
Ice
Breath





???
77.6%
Telekinesis






???
65.3%
Super-Strength





???
64.6%
Weapons Mastery





???
58.8%
Magic
Control





???
58.2%
Supersonic Screams





???
55%
% Correct
Control
Over
Animals




???
55%
Telepathy






???
51.9%
Invisibility






???
42.2%
Super-
Speed





???
41.2%
Super-Stretchiness





???
28%
Tele-
portation





???
26.8%
Electricity Manipulation





???
25.6%
Control
Over
Plants




???
23.6%
Mimickry






???
23.2%
Fourth
Wall
Awareness




???
22.9%

You're not logged in!

Compare scores with friends on all Sporcle quizzes.
Sign Up with Email
OR
Log In

You Might Also Like...

Show Comments

Extras

Top Quizzes Today


Score Distribution

Your Account Isn't Verified!

In order to create a playlist on Sporcle, you need to verify the email address you used during registration. Go to your Sporcle Settings to finish the process.